| 000 | 00474nam a2200193Ia 4500 | ||
|---|---|---|---|
| 005 | 20250603145728.0 | ||
| 008 | 250603s9999 xx 000 0 und d | ||
| 020 | _a9780367897802 | ||
| 050 | _aPN 4550 .M45/ | ||
| 100 | _aMeikle, Graham | ||
| 245 | 0 | _aSocial media : the convergence of public and personal communication | |
| 250 | _a2nd ed. | ||
| 260 | _aNew York | ||
| 260 | _bRoutledge | ||
| 260 | _c2024 | ||
| 300 | _a169 p | ||
| 650 | _aNew York | ||
| 942 | _cBK | ||
| 999 |
_c42682 _d42682 |
||